Loading...
| Literature - World/Other | 0 | 6 | 0 | 0 | 60 | 52 | 78.83 | 2 | 5 | 14.86 | 28.33 |
| History - American | 0 | 5 | 0 | 0 | 50 | 43 | 78.00 | 3 | 4 | 10.68 | 23.33 |
| Fine Arts - Classical Music | 0 | 5 | 2 | 0 | 40 | 44 | 74.40 | 3 | 4 | 15.61 | 28.33 |
| Fine Arts - Visual | 0 | 4 | 0 | 0 | 40 | 82 | 95.25 | 0 | 2 | 6.82 | 16.11 |
| Literature - American | 0 | 4 | 0 | 0 | 40 | 54 | 77.75 | 0 | 4 | 12.97 | 21.67 |
| Literature - British | 0 | 4 | 0 | 1 | 40 | 52 | 83.00 | 2 | 4 | 8.14 | 20.00 |
| Literature - European | 0 | 5 | 2 | 1 | 40 | 58 | 71.60 | 2 | 5 | 13.61 | 23.89 |
| Science - Physics | 0 | 4 | 1 | 0 | 35 | 30 | 64.00 | 3 | 4 | 10.17 | 21.67 |
| Science - Chemistry | 0 | 4 | 1 | 0 | 35 | 30 | 65.00 | 2 | 4 | 10.58 | 21.11 |
| Philosophy | 0 | 3 | 0 | 0 | 30 | 79 | 89.67 | 0 | 2 | 7.35 | 17.22 |
| Geography/Current Events | 0 | 3 | 0 | 0 | 30 | 87 | 91.33 | 0 | 1 | 6.81 | 12.50 |
| History - European | 0 | 3 | 1 | 0 | 25 | 90 | 104.00 | 0 | 1 | 2.61 | 9.44 |
| Religion | 0 | 3 | 1 | 0 | 25 | 73 | 79.00 | 3 | 3 | 5.64 | 16.11 |
| Social Science | 0 | 2 | 0 | 0 | 20 | 67 | 96.50 | 0 | 1 | 4.59 | 11.67 |
| Fine Arts - Other | 0 | 2 | 1 | 0 | 15 | 84 | 85.00 | 1 | 2 | 4.03 | 10.56 |
| Mythology | 0 | 2 | 1 | 0 | 15 | 38 | 47.50 | 1 | 2 | 7.28 | 10.00 |
| Science - Other | 0 | 1 | 0 | 1 | 10 | 99 | 99.00 | 0 | 0 | 0.60 | 1.11 |
| Science - Biology | 0 | 1 | 0 | 0 | 10 | 79 | 79.00 | 1 | 1 | 5.34 | 11.11 |
| History - Other | 0 | 2 | 3 | 0 | 5 | 29 | 42.00 | 1 | 2 | 7.12 | 10.56 |
| History - World | 0 | 1 | 4 | 0 | -10 | 38 | 38.00 | 0 | 1 | 7.85 | 10.56 |